000 01621cam a2200349 i 4500
001 17700915
003 USPCAS-E
005 20180118181417.0
008 130417s2013 enka b 001 0 eng
010 _a 2013004413
020 _a9781119975397 (hardback)
040 _aDLC
_beng
_cDLC
_erda
_dDLC
042 _apcc
050 0 0 _aTP156.C3
_bS87 2013
082 0 0 _a621.042
_223
_bSUS 2013
084 _aSCI013000
_2bisacsh
245 0 0 _aSustainable carbon materials from hydrothermal processes /
_cedited by Maria-Magdalena Titirici, School of Engineering and Materials Science, Queen Mary, University of London, UK.
260 _aChichester:
_bWiley,
_c2013.
300 _axiv, 357 pages :
_billustrations ;
_c25 cm
502 _a.
504 _aIncludes bibliographical references and index.
520 _a"The first book on hydrothermal carbonization (HTC) for the production of sustainable, versatile and functional carbonaceous materials"--
650 0 _aHydrothermal carbonization.
650 0 _aEnergy conversion.
650 7 _aSCIENCE / Chemistry / General.
_2bisacsh
700 1 _aTitirici, Maria-Magdalena.
776 0 8 _iOnline version:
_tSustainable carbon materials from hydrothermal processes
_dChichester, West Sussex, United Kingdom : Wiley, 2013
_z9781118622193
_w(DLC) 2013019498
856 4 2 _3Cover image
_uhttp://catalogimages.wiley.com/images/db/jimages/9781119975397.jpg
906 _a7
_bcbc
_corignew
_d1
_eecip
_f20
_gy-gencatlg
942 _2ddc
_cBK
999 _c355904
_d355904